[Event "Bad Wörishofen op 2012 28th"]
[Site "Bad Wörishofen (2.3.-10.3)"]
[Date "2012.03.08"]
[Round "7.40"]
[White "Neumann, Joachim(43)"]
[Black "Auschkalnis, Reinhard"]
[Result "1-0"]
[WhiteElo "2015"]
[BlackElo "1696"]
[PlyCount "42"]
[EventDate "2012.03.??"]
[EventType "swiss"]
[EventRounds "9"]
[EventCountry "GER"]
[SourceDate "2013.02.18"]
[WhiteTeam "Neumünster Agon SC"]
[BlackTeam "Bonn Beuel SC"]

1. c4 c5 2. g3 Nc6 3. Bg2 Nf6 4. Nf3 e6 5. O-O d5 6. cxd5 exd5 7. d4 cxd4 8.
Nxd4 Qb6 9. Nb3 Be6 10. Be3 Qd8 11. Nc3 Be7 12. Qd2 O-O 13. Rfd1 Bb4 14. Bc5
Bxc3 15. Qxc3 Re8 16. Nd4 Rc8 17. Qa3 b6 18. Nxc6 Rxc6 19. Bd4 Rc4 20. Qxa7 b5
21. Rac1 Qc8 1-0

[Event "Bad Wörishofen op 2012 28th"]
[Site "Bad Wörishofen (2.3.-10.3)"]
[Date "2012.03.08"]
[Round "7.42"]
[White "Sauerwein, Martin"]
[Black "Mircoli, Filippo"]
[Result "0-1"]
[WhiteElo "1334"]
[BlackElo "1491"]
[PlyCount "54"]
[EventDate "2012.03.??"]
[EventType "swiss"]
[EventRounds "9"]
[EventCountry "GER"]
[SourceDate "2013.02.18"]
[WhiteTeam "Kaufbeuren SC"]
[BlackTeam "ITA/Italien"]
[BlackTeamCountry "ITA"]

1. d4 e6 2. c4 Nf6 3. e3 d5 4. Nf3 b6 5. Be2 Bb7 6. Nc3 Be7 7. Bd2 O-O 8. a3
Nbd7 9. Rc1 c5 10. cxd5 Nxd5 11. dxc5 Nxc5 12. b4 Nxc3 13. Rxc3 Ne4 14. Rc1
Nxd2 15. Qxd2 Qxd2+ 16. Kxd2 Rac8 17. Rxc8 Rxc8 18. Rc1 Rxc1 19. Kxc1 Kf8 20.
Kd2 a5 21. Kc3 Bd5 22. g3 Bf6+ 23. Kd3 Bb7 24. bxa5 bxa5 25. a4 Bc6 26. Nd2 e5
27. Nf3 e4+ 0-1

[Event "Bad Wörishofen op 2012 28th"]
[Site "Bad Wörishofen (2.3.-10.3)"]
[Date "2012.03.08"]
[Round "7.43"]
[White "Schiffer, Steve"]
[Black "Natterer, Winfried"]
[Result "1/2-1/2"]
[WhiteElo "1990"]
[BlackElo "1658"]
[PlyCount "48"]
[EventDate "2012.03.??"]
[EventType "swiss"]
[EventRounds "9"]
[EventCountry "GER"]
[SourceDate "2013.02.18"]
[WhiteTeam "Darmstadt Schachforum SV"]
[BlackTeam "Dietmannsried SC"]

1. Nf3 d5 2. g3 Nf6 3. c4 e6 4. b3 Bd6 5. Bb2 Nbd7 6. Bg2 O-O 7. O-O c6 8. d4
b6 9. Nbd2 Bb7 10. Qc2 Rc8 11. Rfe1 Re8 12. e4 dxe4 13. Ne5 c5 14. Nxd7 Qxd7
15. dxc5 Bxc5 16. Bxf6 gxf6 17. Nxe4 Bxe4 18. Bxe4 f5 19. Rad1 Qc7 20. Bf3 Rcd8
21. Kg2 Rxd1 22. Rxd1 Rd8 23. Rd3 Rxd3 24. Qxd3 Qd6 1/2-1/2

[Event "Bad Wörishofen op 2012 28th"]
[Site "Bad Wörishofen (2.3.-10.3)"]
[Date "2012.03.08"]
[Round "7.44"]
[White "Hipp, Hermann"]
[Black "Reitz, Rolf"]
[Result "1/2-1/2"]
[WhiteElo "1843"]
[BlackElo "1957"]
[PlyCount "106"]
[EventDate "2012.03.??"]
[EventType "swiss"]
[EventRounds "9"]
[EventCountry "GER"]
[SourceDate "2013.02.18"]
[WhiteTeam "Marktoberdorf SK"]
[BlackTeam "Sülz-Klettenberg SK"]

1. d4 c5 2. c3 cxd4 3. cxd4 d5 4. Nc3 Nf6 5. Nf3 Nc6 6. g3 e6 7. Bg2 Be7 8. O-O
O-O 9. Re1 Ne4 10. Nxe4 dxe4 11. Ne5 Nxd4 12. Bxe4 Bb4 13. Rf1 f6 14. Nd3 Be7
15. e3 Nc6 16. Qb3 Qd6 17. Qc2 Rd8 18. Nf4 f5 19. Bg2 Nb4 20. Qb3 a5 21. a3 Nc6
22. e4 Nd4 23. Qd3 e5 24. Nd5 Be6 25. Nc3 Rac8 26. Rd1 Bb3 27. exf5 Bxd1 28.
Qxd1 Nxf5 29. Qb3+ Kh8 30. Qxb7 Rb8 31. Qe4 g6 32. Nd5 Rb5 33. Nxe7 Qd1+ 34.
Bf1 Nxe7 35. b4 Qd5 36. Qh4 Rb7 37. Qf6+ Kg8 38. Bh6 Nf5 39. Bc4 Qxc4 40. Qxd8+
Kf7 41. Qf8+ Ke6 42. Rc1 Qd5 43. Bg5 Rf7 44. Qe8+ Ne7 45. Bxe7 Rxe7 46. Qg8+
Rf7 47. Rc7 Qd1+ 48. Kg2 Qf3+ 49. Kh3 Qf5+ 50. g4 Qf3+ 51. Kh4 g5+ 52. Kxg5
Qf4+ 53. Kh5 Qxh2+ 1/2-1/2

[Event "Bad Wörishofen op 2012 28th"]
[Site "Bad Wörishofen (2.3.-10.3)"]
[Date "2012.03.08"]
[Round "7.46"]
[White "Klaus, Daniel(64)"]
[Black "Remensberger, Paul"]
[Result "0-1"]
[WhiteElo "1894"]
[BlackElo "2122"]
[PlyCount "44"]
[EventDate "2012.03.??"]
[EventType "swiss"]
[EventRounds "9"]
[EventCountry "GER"]
[SourceDate "2013.02.18"]
[WhiteTeam "Möglingen SF"]
[BlackTeam "SUI/Schweiz"]
[BlackTeamCountry "SUI"]

1. e4 e6 2. d4 d5 3. Nc3 Nc6 4. e5 f6 5. f4 fxe5 6. dxe5 Nh6 7. Be3 Nf5 8. Bf2
Bb4 9. a3 Ba5 10. g4 Nh4 11. b4 Bb6 12. Bxb6 axb6 13. g5 Nf5 14. b5 Nce7 15.
Bd3 O-O 16. Qg4 Ne3 17. Qh3 N7f5 18. Nf3 Qe7 19. Ne2 Rxa3 20. Rxa3 Qxa3 21. Rg1
g6 22. Nfd4 Nxd4 0-1

[Event "Bad Wörishofen op 2012 28th"]
[Site "Bad Wörishofen (2.3.-10.3)"]
[Date "2012.03.08"]
[Round "7.47"]
[White "Daeubler, Heinrich"]
[Black "Ries, Berthold"]
[Result "1-0"]
[WhiteElo "2049"]
[BlackElo "1833"]
[PlyCount "73"]
[EventDate "2012.03.??"]
[EventType "swiss"]
[EventRounds "9"]
[EventCountry "GER"]
[SourceDate "2013.02.18"]
[WhiteTeam "Amberg Siemens SG"]
[BlackTeam "Ebersberg"]

1. d4 Nf6 2. c4 e6 3. Nf3 Bb4+ 4. Nbd2 O-O 5. g3 d5 6. Qb3 a5 7. Bg2 Nc6 8. O-O
Re8 9. Rd1 a4 10. Qc2 Bd7 11. Nf1 Ne4 12. Ne3 f5 13. cxd5 exd5 14. Nxd5 Bd6 15.
Bf4 b5 16. Rac1 Rc8 17. h4 Bxf4 18. Nxf4 Nb4 19. Qb1 Be6 20. Nxe6 Rxe6 21. e3
Nd5 22. Ne5 Ndf6 23. a3 h6 24. Qa2 Qd5 25. Qxd5 Nxd5 26. Bxe4 fxe4 27. Rc5 c6
28. Rdc1 Ne7 29. Kg2 Rd6 30. h5 Kf8 31. g4 Ke8 32. Kg3 Rf6 33. d5 Kd8 34. dxc6
Kc7 35. Rxb5 Rcf8 36. Rb7+ Kd6 37. Rxe7 1-0

[Event "Bad Wörishofen op 2012 28th"]
[Site "Bad Wörishofen (2.3.-10.3)"]
[Date "2012.03.08"]
[Round "7.48"]
[White "Valet, Richard"]
[Black "Schmitzer, Peter"]
[Result "1-0"]
[WhiteElo "1938"]
[BlackElo "1992"]
[PlyCount "73"]
[EventDate "2012.03.??"]
[EventType "swiss"]
[EventRounds "9"]
[EventCountry "GER"]
[SourceDate "2013.02.18"]
[WhiteTeam "Greifswalder SV"]
[BlackTeam "München RTA"]

1. e4 e5 2. Nf3 Qe7 3. Bc4 h6 4. O-O d6 5. d4 Nf6 6. Re1 c6 7. c3 Nbd7 8. Nbd2
g6 9. b4 Bg7 10. a4 Nf8 11. Ba3 Qc7 12. Qb3 a6 13. dxe5 dxe5 14. Nxe5 Qxe5 15.
Bxf7+ Kd8 16. Nf3 Qe7 17. Rad1+ Kc7 18. b5 c5 19. b6+ Kb8 20. e5 N6d7 21. e6
Nxe6 22. Bxe6 Ne5 23. Bd5 Bg4 24. Nxe5 Bxd1 25. Qxd1 Bxe5 26. f4 Qd6 27. fxe5
Qxb6 28. c4 Ka7 29. Qc2 Rab8 30. e6 Qd6 31. Bb2 Rhf8 32. Be5 Qe7 33. Bxb8+ Kxb8
34. Qb2 Ka7 35. a5 Rd8 36. Qb6+ Kb8 37. Rb1 1-0

[Event "Bad Wörishofen op 2012 28th"]
[Site "Bad Wörishofen (2.3.-10.3)"]
[Date "2012.03.08"]
[Round "7.49"]
[White "Straub, Hermann"]
[Black "Mack, Thomas Dr(43)"]
[Result "1/2-1/2"]
[WhiteElo "1916"]
[BlackElo "1906"]
[PlyCount "24"]
[EventDate "2012.03.??"]
[EventType "swiss"]
[EventRounds "9"]
[EventCountry "GER"]
[SourceDate "2013.02.18"]
[WhiteTeam "Frankenthal(Pfalz) SK"]
[BlackTeam "München Tarrasch SC"]

1. b3 e5 2. Bb2 e4 3. e3 d5 4. d3 Nf6 5. dxe4 Nxe4 6. Nf3 Bb4+ 7. c3 Be7 8. Be2
O-O 9. Nbd2 Bf6 10. Qc2 Bf5 11. Bd3 Qe7 12. O-O Nd7 1/2-1/2

[Event "Bad Wörishofen op 2012 28th"]
[Site "Bad Wörishofen (2.3.-10.3)"]
[Date "2012.03.08"]
[Round "7.50"]
[White "Strasser, Josef"]
[Black "Rahls, Peter"]
[Result "0-1"]
[WhiteElo "1813"]
[BlackElo "2101"]
[PlyCount "64"]
[EventDate "2012.03.??"]
[EventType "swiss"]
[EventRounds "9"]
[EventCountry "GER"]
[SourceDate "2013.02.18"]
[WhiteTeam "München SU"]
[BlackTeam "Berlin Zehlendorf SK"]

1. e4 c5 2. Nf3 e6 3. b3 Nc6 4. Bb2 d6 5. d4 cxd4 6. Nxd4 Nf6 7. Nxc6 bxc6 8.
Bd3 e5 9. O-O Be7 10. Nd2 O-O 11. Qe2 Bg4 12. f3 Be6 13. Nc4 Re8 14. Ne3 Nh5
15. g3 Bh3 16. Rfe1 g6 17. Bc4 Qb6 18. Kh1 Rad8 19. Rad1 d5 20. exd5 Bc5 21.
Rd2 Nf4 22. gxf4 exf4 23. Qd3 Bb4 24. Bd4 c5 25. c3 cxd4 26. cxb4 Rxe3 27. Rxe3
fxe3 28. Rd1 Re8 29. a3 e2 30. Re1 Re3 31. Qd2 Qf6 32. Rxe2 Qxf3+ 0-1

[Event "Bad Wörishofen op 2012 28th"]
[Site "Bad Wörishofen (2.3.-10.3)"]
[Date "2012.03.08"]
[Round "7.51"]
[White "Margraf, Christoph"]
[Black "Matzat, Andre"]
[Result "0-1"]
[WhiteElo "1808"]
[BlackElo "2024"]
[PlyCount "94"]
[EventDate "2012.03.??"]
[EventType "swiss"]
[EventRounds "9"]
[EventCountry "GER"]
[SourceDate "2013.02.18"]
[WhiteTeam "Ansbach SC"]
[BlackTeam "Borbeck Weiße Dame"]

1. c4 c5 2. Nc3 g6 3. g3 Nc6 4. Bg2 Bg7 5. e3 e5 6. Nge2 Nge7 7. O-O O-O 8. Rb1
d6 9. a3 a5 10. b3 Rb8 11. Nb5 d5 12. Bb2 Be6 13. d3 b6 14. Rc1 Qd7 15. Rc2
Rbd8 16. Re1 dxc4 17. bxc4 Qxd3 18. Qxd3 Rxd3 19. Nc7 Bc8 20. Nd5 Be6 21. Nc1
Rxd5 22. cxd5 Nxd5 23. Rd2 Nde7 24. Rd6 Rc8 25. Ne2 Bc4 26. Nc3 b5 27. Nd5 Nf5
28. Rxc6 Rxc6 29. g4 Bxd5 30. Bxd5 Rd6 31. Rd1 Nh6 32. g5 Nf5 33. e4 Nd4 34.
Kg2 Rb6 35. Rc1 Bf8 36. a4 Ne2 37. Re1 Nd4 38. Rc1 Bd6 39. Ba3 b4 40. Bb2 Ne2
41. Re1 Nf4+ 42. Kf3 Nxd5 43. exd5 c4 44. Rb1 Rb8 45. Ke4 c3 46. Bc1 b3 47. Kd3
c2 0-1

[Event "Bad Wörishofen op 2012 28th"]
[Site "Bad Wörishofen (2.3.-10.3)"]
[Date "2012.03.08"]
[Round "7.52"]
[White "Muehlbach, Peter"]
[Black "Malzer, Werner"]
[Result "1/2-1/2"]
[WhiteElo "1995"]
[BlackElo "1837"]
[PlyCount "38"]
[EventDate "2012.03.??"]
[EventType "swiss"]
[EventRounds "9"]
[EventCountry "GER"]
[SourceDate "2013.02.18"]
[WhiteTeam "Heidelberg-Kirchheim SG"]
[BlackTeam "Kirchenlaibach TSV"]

1. Nf3 e6 2. d4 d5 3. c4 Nf6 4. Nc3 Be7 5. Bg5 c6 6. e3 b6 7. Bd3 O-O 8. Qc2 h6
9. Bh4 Na6 10. a3 Bb7 11. cxd5 Nxd5 12. Bxe7 Qxe7 13. Nxd5 cxd5 14. Qe2 Nc7 15.
O-O Ne8 16. Rac1 Nd6 17. Ne5 Rac8 18. Rc2 Rxc2 19. Qxc2 Rc8 1/2-1/2

[Event "Bad Wörishofen op 2012 28th"]
[Site "Bad Wörishofen (2.3.-10.3)"]
[Date "2012.03.08"]
[Round "7.53"]
[White "Schweizer, Manfred(59)"]
[Black "Wilms, Robert"]
[Result "1/2-1/2"]
[WhiteElo "2004"]
[BlackElo "1867"]
[PlyCount "92"]
[EventDate "2012.03.??"]
[EventType "swiss"]
[EventRounds "9"]
[EventCountry "GER"]
[SourceDate "2013.02.18"]
[WhiteTeam "Memmingen Post SV"]
[BlackTeam "Hamburg 1934 SF"]

1. Nf3 d6 2. d4 Bg4 3. Nbd2 Nf6 4. c3 c6 5. e4 e6 6. Bd3 Be7 7. O-O d5 8. Re1
dxe4 9. Nxe4 Nxe4 10. Bxe4 Nd7 11. h3 Bxf3 12. Bxf3 O-O 13. a3 Bg5 14. c4 Bxc1
15. Rxc1 Nf6 16. Re3 Qd6 17. Qb3 Rab8 18. Rd1 Rfd8 19. d5 exd5 20. cxd5 c5 21.
Qc3 b5 22. b3 a6 23. Qd3 Kf8 24. g3 Re8 25. Rxe8+ Rxe8 26. Kg2 h6 27. a4 Rb8
28. axb5 axb5 29. Ra1 g6 30. Ra5 Qb6 31. Qc3 Rd8 32. Qa1 Rd6 33. Ra8+ Kg7 34.
Qe5 c4 35. bxc4 bxc4 36. Rc8 Qa6 37. Rxc4 Qxc4 38. Qxd6 Qd4 39. Qc6 h5 40. d6
g5 41. Qc7 g4 42. hxg4 hxg4 43. Bc6 Nd5 44. Qa5 Qe4+ 45. Kf1 Qd3+ 46. Kg1 Qb1+
1/2-1/2

[Event "Bad Wörishofen op 2012 28th"]
[Site "Bad Wörishofen (2.3.-10.3)"]
[Date "2012.03.08"]
[Round "7.54"]
[White "Mueller, Wolfgang(10.61)"]
[Black "Kuempers, Ulrich"]
[Result "0-1"]
[WhiteElo "1753"]
[BlackElo "1946"]
[PlyCount "60"]
[EventDate "2012.03.??"]
[EventType "swiss"]
[EventRounds "9"]
[EventCountry "GER"]
[SourceDate "2013.02.18"]
[WhiteTeam "Marktoberdorf SK"]
[BlackTeam "München Tarrasch SC"]

1. e4 c6 2. d4 d5 3. exd5 cxd5 4. c4 Nf6 5. Nf3 g6 6. Nc3 Bg7 7. h3 O-O 8. Be2
Nc6 9. O-O Bf5 10. a3 Rc8 11. c5 Ne4 12. g4 Be6 13. Be3 f5 14. Nxe4 dxe4 15.
Ng5 Bd5 16. gxf5 gxf5 17. f4 h6 18. h4 e6 19. Kf2 hxg5 20. hxg5 Kf7 21. Bh5+
Ke7 22. b4 Bc4 23. Rh1 Rh8 24. Rc1 Bd3 25. b5 Bxb5 26. Qb3 Nxd4 27. Qb2 Qd7 28.
Kg2 Bd3 29. Bg6 Rxh1 30. Rxh1 Rh8 0-1

[Event "Bad Wörishofen op 2012 28th"]
[Site "Bad Wörishofen (2.3.-10.3)"]
[Date "2012.03.08"]
[Round "7.55"]
[White "Fiedler, Wolfgang(61)"]
[Black "Santos, Paulo"]
[Result "1/2-1/2"]
[WhiteElo "1892"]
[BlackElo "1690"]
[PlyCount "33"]
[EventDate "2012.03.??"]
[EventType "swiss"]
[EventRounds "9"]
[EventCountry "GER"]
[SourceDate "2013.02.18"]
[WhiteTeam "Zirndorf SK"]
[BlackTeam "Lechhausen SC"]

1. Nf3 Nf6 2. g3 g6 3. Bg2 Bg7 4. O-O O-O 5. d4 d5 6. h3 c6 7. Nbd2 Nbd7 8. Ne5
Nb6 9. f4 Nfd7 10. c3 f6 11. Nxd7 Bxd7 12. e4 e5 13. fxe5 fxe5 14. Rxf8+ Qxf8
15. dxe5 Bxe5 16. Nf1 Qd6 17. exd5 1/2-1/2

[Event "Bad Wörishofen op 2012 28th"]
[Site "Bad Wörishofen (2.3.-10.3)"]
[Date "2012.03.08"]
[Round "7.57"]
[White "Blaeser, Romain"]
[Black "Moors, Marc"]
[Result "1-0"]
[WhiteElo "1869"]
[BlackElo "1879"]
[PlyCount "55"]
[EventDate "2012.03.??"]
[EventType "swiss"]
[EventRounds "9"]
[EventCountry "GER"]
[SourceDate "2013.02.18"]
[WhiteTeam "LUX/Luxemburg"]
[BlackTeam "Brasschaat SK"]
[WhiteTeamCountry "LUX"]

1. g3 Nf6 2. Bg2 g6 3. d3 d5 4. Nf3 Bg7 5. O-O O-O 6. Nbd2 c5 7. e4 Nc6 8. c3
e6 9. e5 Nd7 10. d4 cxd4 11. cxd4 b5 12. a4 Ba6 13. Re1 Qb6 14. axb5 Bxb5 15.
Nb1 Bc4 16. Na3 Bb3 17. Qd3 Rab8 18. Bd2 Rfc8 19. Rec1 Bf8 20. Bf1 Ne7 21. Qb5
Nc6 22. Qxb6 Nxb6 23. Ba6 Rc7 24. Nb5 Nxd4 25. Nfxd4 Rxc1+ 26. Rxc1 Bc4 27. b3
Bxb5 28. Bxb5 1-0

[Event "Bad Wörishofen op 2012 28th"]
[Site "Bad Wörishofen (2.3.-10.3)"]
[Date "2012.03.08"]
[Round "7.58"]
[White "Schinnerl, Werner"]
[Black "Van Eck, Ted"]
[Result "0-1"]
[WhiteElo "1854"]
[BlackElo "1691"]
[PlyCount "72"]
[EventDate "2012.03.??"]
[EventType "swiss"]
[EventRounds "9"]
[EventCountry "GER"]
[SourceDate "2013.02.18"]
[WhiteTeam "AUT/Reutte"]
[BlackTeam "NED/Niederlande"]
[WhiteTeamCountry "AUT"]
[BlackTeamCountry "NED"]

1. e4 c6 2. Nc3 d5 3. Nf3 dxe4 4. Nxe4 Nf6 5. Ng3 h5 6. Bc4 h4 7. Ne5 e6 8. Ne2
Nbd7 9. f4 Qa5 10. Nxd7 Bxd7 11. c3 c5 12. Ng1 Bc6 13. Nf3 Rd8 14. Qe2 Be7 15.
f5 exf5 16. Ne5 Bd5 17. Bb5+ Kf8 18. O-O a6 19. Bc4 g6 20. d4 cxd4 21. cxd4 h3
22. Bd2 Qb6 23. Bc3 hxg2 24. Rfe1 Ne4 25. Bxd5 Rxd5 26. Kxg2 Qf6 27. Nf3 Bd6
28. Qc4 Rxh2+ 29. Nxh2 Qg5+ 30. Kf3 Qg3+ 31. Ke2 Qxh2+ 32. Kd1 Bf4 33. Rxe4
fxe4 34. Qxd5 Qh1+ 35. Be1 Qf3+ 36. Kc2 Qd3# 0-1

[Event "Bad Wörishofen op 2012 28th"]
[Site "Bad Wörishofen (2.3.-10.3)"]
[Date "2012.03.08"]
[Round "7.59"]
[White "Herold, Gunther"]
[Black "Spanton, Tim R"]
[Result "0-1"]
[WhiteElo "1723"]
[BlackElo "1961"]
[PlyCount "54"]
[EventDate "2012.03.??"]
[EventType "swiss"]
[EventRounds "9"]
[EventCountry "GER"]
[SourceDate "2013.02.18"]
[WhiteTeam "Obergünzburg SC"]
[BlackTeam "ENG/England"]
[BlackTeamCountry "ENG"]

1. f4 e5 2. fxe5 d6 3. Nf3 dxe5 4. e4 Bc5 5. Bc4 Nf6 6. d3 O-O 7. Bg5 Nc6 8. c3
Qd6 9. Bxf6 Qxf6 10. Qd2 Be6 11. Bxe6 Qxe6 12. b4 Bb6 13. c4 Bd4 14. Nxd4 Nxd4
15. O-O f5 16. exf5 Rxf5 17. Nc3 Raf8 18. Ne4 Qg6 19. Ng3 Rf4 20. Rxf4 exf4 21.
Qf2 Qxd3 22. Rf1 g6 23. h3 Qxc4 24. Nh1 Qxb4 25. Re1 f3 26. g4 Qxe1+ 27. Qxe1
f2+ 0-1

[Event "Bad Wörishofen op 2012 28th"]
[Site "Bad Wörishofen (2.3.-10.3)"]
[Date "2012.03.08"]
[Round "7.60"]
[White "Sakowski, Christian"]
[Black "Funke, Joerg-Dietmar"]
[Result "1/2-1/2"]
[WhiteElo "1864"]
[BlackElo "1729"]
[PlyCount "62"]
[EventDate "2012.03.??"]
[EventType "swiss"]
[EventRounds "9"]
[EventCountry "GER"]
[SourceDate "2013.02.18"]
[WhiteTeam "Türkheim/Wörishofen SC"]
[BlackTeam "Naunhof SC"]

1. g3 Nf6 2. Bg2 d5 3. Nf3 c5 4. O-O Nc6 5. d4 e6 6. c3 Be7 7. Bg5 Ne4 8. Bxe7
Qxe7 9. e3 O-O 10. Nbd2 Nxd2 11. Nxd2 cxd4 12. exd4 Qc7 13. Re1 b5 14. Nb3 a5
15. a3 Nb8 16. Nc5 Nd7 17. b4 Nb6 18. Bf1 Nc4 19. Bxc4 bxc4 20. Qh5 Bd7 21. Kg2
Ra7 22. h4 Rfa8 23. Rac1 Bc6 24. Qe2 h6 25. g4 Qf4 26. Qf3 Qd2 27. Qe2 Qf4 28.
Rc2 axb4 29. axb4 Ra1 30. Rxa1 Rxa1 31. f3 Kh8 1/2-1/2

[Event "Bad Wörishofen op 2012 28th"]
[Site "Bad Wörishofen (2.3.-10.3)"]
[Date "2012.03.08"]
[Round "7.61"]
[White "Wieczorek(vm.Bruder), Heinz"]
[Black "Fenske, Wolfgang"]
[Result "0-1"]
[WhiteElo "1702"]
[BlackElo "1761"]
[PlyCount "32"]
[EventDate "2012.03.??"]
[EventType "swiss"]
[EventRounds "9"]
[EventCountry "GER"]
[SourceDate "2013.02.18"]
[WhiteTeam "Nürnberg Süd SW"]
[BlackTeam "Hamburg KSpr. SC"]

1. e4 c5 2. Nf3 Nc6 3. d4 cxd4 4. Nxd4 Nf6 5. Nc3 d6 6. Be2 g6 7. O-O Bg7 8.
Be3 O-O 9. f4 Ng4 10. Bxg4 Bxg4 11. Nxc6 Bxd1 12. Nxd8 Bxc2 13. Nxb7 Rfb8 14.
Na5 Rxb2 15. Nd5 Bxe4 16. Nxe7+ Kf8 0-1

[Event "Bad Wörishofen op 2012 28th"]
[Site "Bad Wörishofen (2.3.-10.3)"]
[Date "2012.03.08"]
[Round "7.63"]
[White "Gerhards, Walter"]
[Black "Koelbl, Jonathan"]
[Result "0-1"]
[WhiteElo "1805"]
[BlackElo "1848"]
[PlyCount "40"]
[EventDate "2012.03.??"]
[EventType "swiss"]
[EventRounds "9"]
[EventCountry "GER"]
[SourceDate "2013.02.18"]
[WhiteTeam "Ratinger SK"]
[BlackTeam "Klosterlechfeld SK"]

1. e4 d6 2. d4 c6 3. Nc3 Qc7 4. Nf3 e5 5. d5 Be7 6. h3 Nf6 7. Bd3 a6 8. O-O c5
9. a4 b6 10. Nd2 Nbd7 11. Nc4 Rb8 12. f4 O-O 13. Qf3 b5 14. fxe5 dxe5 15. axb5
axb5 16. Nxb5 Rxb5 17. Nxe5 Nxe5 18. Qg3 c4 19. Bf4 Bd6 20. Be2 Nxe4 0-1

[Event "Bad Wörishofen op 2012 28th"]
[Site "Bad Wörishofen (2.3.-10.3)"]
[Date "2012.03.08"]
[Round "7.64"]
[White "Buchaeckert, Juergen"]
[Black "Dahmen, Juergen"]
[Result "1/2-1/2"]
[WhiteElo "1816"]
[BlackElo "1674"]
[PlyCount "35"]
[EventDate "2012.03.??"]
[EventType "swiss"]
[EventRounds "9"]
[EventCountry "GER"]
[SourceDate "2013.02.18"]
[WhiteTeam "Ludwigshafen 1912 SK"]
[BlackTeam "Wolfbusch SV"]

1. e4 c5 2. c3 d6 3. d4 cxd4 4. cxd4 Nf6 5. Nc3 a6 6. a4 e6 7. Nf3 Be7 8. Bd3
O-O 9. O-O Qc7 10. Bf4 b6 11. e5 dxe5 12. Bxe5 Qa7 13. Ng5 Nbd7 14. Qf3 Bb7 15.
Qh3 h6 16. Nge4 Nxe4 17. Bxe4 Nxe5 18. dxe5 1/2-1/2

[Event "Bad Wörishofen op 2012 28th"]
[Site "Bad Wörishofen (2.3.-10.3)"]
[Date "2012.03.08"]
[Round "7.65"]
[White "Ranker, Klemens"]
[Black "Russ, Oliver(76)"]
[Result "0-1"]
[WhiteElo "1787"]
[BlackElo "1491"]
[PlyCount "114"]
[EventDate "2012.03.??"]
[EventType "swiss"]
[EventRounds "9"]
[EventCountry "GER"]
[SourceDate "2013.02.18"]
[WhiteTeam "Hauptstuhl SC"]
[BlackTeam "Schwarzenberg-Raschau SG"]

1. e4 e5 2. Nf3 Nc6 3. Bb5 a6 4. Ba4 Bc5 5. O-O Nf6 6. d3 b5 7. Bb3 h6 8. c3 d6
9. Re1 O-O 10. Be3 Bxe3 11. Rxe3 Re8 12. Nbd2 d5 13. exd5 Nxd5 14. Bxd5 Qxd5
15. Qe1 Bf5 16. d4 e4 17. Nh4 Bh7 18. g3 f5 19. Ng2 Qd7 20. Nb3 Qf7 21. Nc5 Ne7
22. Qd2 Nd5 23. Re2 Bg6 24. Rc1 Bh5 25. Ree1 Bf3 26. Rf1 Rf8 27. h3 Bxg2 28.
Kxg2 Rae8 29. Rce1 f4 30. Rxe4 Rxe4 31. Nxe4 fxg3 32. f3 Nf4+ 33. Kxg3 Qg6+ 34.
Kf2 Nxh3+ 35. Ke1 Nf4 36. Kd1 Qg2 37. Qxg2 Nxg2 38. Kd2 Nf4 39. Nc5 a5 40. Nd7
Re8 41. Ne5 g5 42. b3 Kg7 43. Re1 h5 44. a3 h4 45. c4 b4 46. axb4 axb4 47. Rh1
Re6 48. c5 Ra6 49. Ke3 Ra3 50. Rb1 h3 51. Ke4 h2 52. Rh1 Ra2 53. Ng4 Rb2 54.
Nxh2 Rxb3 55. Rd1 c6 56. Ng4 Nd5 57. Ne5 Nc3+ 0-1

[Event "Bad Wörishofen op 2012 28th"]
[Site "Bad Wörishofen (2.3.-10.3)"]
[Date "2012.03.08"]
[Round "7.66"]
[White "Walda, Michael"]
[Black "Marzec, Witold"]
[Result "0-1"]
[WhiteElo "1831"]
[BlackElo "1729"]
[PlyCount "118"]
[EventDate "2012.03.??"]
[EventType "swiss"]
[EventRounds "9"]
[EventCountry "GER"]
[SourceDate "2013.02.18"]
[WhiteTeam "Niederräder TG"]
[BlackTeam "Bonner SG "L""]

1. Nf3 d5 2. e4 e6 3. exd5 exd5 4. d4 Bd6 5. Bg5 Nf6 6. Nc3 c6 7. Bd3 h6 8.
Qe2+ Be6 9. Bd2 Qe7 10. O-O-O Nbd7 11. Ne5 O-O-O 12. Rhe1 Rde8 13. f4 Bxe5 14.
fxe5 Ng8 15. Qf2 Qd8 16. Ne2 g5 17. Bb4 Ne7 18. Ng3 Kb8 19. Re3 b6 20. Bd6+ Kb7
21. Bf1 Nc8 22. Bb4 f6 23. Qe2 fxe5 24. Qa6+ Ka8 25. dxe5 Qc7 26. Rde1 c5 27.
Bd2 Nb8 28. Qa4 Nc6 29. Bb5 N8e7 30. Nh5 d4 31. Rf3 Ref8 32. Nf6 Nxe5 33. Ra3
Rxf6 34. Rxe5 Bd5 35. b4 c4 36. c3 d3 37. g3 Rh7 38. Ba6 Re6 39. Rxe6 Bxe6 40.
Qe8+ Bc8 41. Ra4 Qd7 42. Qf8 Qe6 43. Qf3+ Qc6 44. Qxc6+ Nxc6 45. Bxc8 Rf7 46.
Bh3 Rf2 47. Bg4 Ne5 48. Be6 Kb8 49. Be3 Re2 50. Bd4 Nf3 51. Bg4 Re1+ 52. Kb2
Re2+ 53. Ka3 Nxd4 54. cxd4 Re4 55. Bf3 Re3 56. Bh5 c3 57. b5 c2 58. Rc4 d2+ 59.
Kb2 d1=Q 0-1

[Event "Bad Wörishofen op 2012 28th"]
[Site "Bad Wörishofen (2.3.-10.3)"]
[Date "2012.03.08"]
[Round "7.67"]
[White "Bigott, Martin"]
[Black "Lochte, Szilvia"]
[Result "1-0"]
[WhiteElo "1778"]
[BlackElo "1814"]
[PlyCount "65"]
[EventDate "2012.03.??"]
[EventType "swiss"]
[EventRounds "9"]
[EventCountry "GER"]
[SourceDate "2013.02.18"]
[WhiteTeam "Lohmar SF"]
[BlackTeam "Starnberg SC"]

1. e4 c5 2. Nf3 e6 3. d4 cxd4 4. Nxd4 a6 5. Nc3 Qc7 6. Bd3 Nf6 7. O-O Be7 8.
Kh1 d6 9. f4 Nbd7 10. Qe2 b5 11. Ncxb5 axb5 12. Nxb5 Qb8 13. b4 O-O 14. a4 Bb7
15. Bb2 d5 16. e5 Ne4 17. c3 Rc8 18. a5 Ba6 19. Rf3 Ndc5 20. bxc5 Nxc5 21.
Bxh7+ Kf8 22. Rh3 g6 23. c4 Kg7 24. f5 exf5 25. Qe3 Kf8 26. Bxg6 fxg6 27. e6
Ke8 28. Rh8+ Bf8 29. e7 Kd7 30. exf8=Q Rxf8 31. Rh7+ Kc8 32. Qe7 Rd8 33. Qxc5+
1-0

[Event "Bad Wörishofen op 2012 28th"]
[Site "Bad Wörishofen (2.3.-10.3)"]
[Date "2012.03.08"]
[Round "7.68"]
[White "Koelbl, Wolfgang"]
[Black "Reichenbacher, Gerhard"]
[Result "0-1"]
[WhiteElo "1896"]
[BlackElo "1733"]
[PlyCount "43"]
[EventDate "2012.03.??"]
[EventType "swiss"]
[EventRounds "9"]
[EventCountry "GER"]
[SourceDate "2013.02.18"]
[WhiteTeam "Klosterlechfeld SK"]
[BlackTeam "Coburger SV"]

1. d4 Nf6 2. Nf3 e6 3. Bg5 Be7 4. Nbd2 d5 5. e3 O-O 6. Bd3 Nbd7 7. c3 c5 8. Ne5
Nxe5 9. dxe5 Nd7 10. Bf4 c4 11. Bc2 f6 12. Nf3 fxe5 13. Bxe5 Rxf3 14. Qxf3 Nxe5
15. Qh5 Nd3+ 16. Bxd3 cxd3 17. O-O-O g6 18. Qf3 e5 19. g4 e4 20. Qg2 Qa5 21.
Kb1 Be6 22. Rc1 0-1